000
00287nam a2200121Ia 4500
008
220204s9999 xx 000 0 und d
082
_a
301(-201)
_b
WIL
100
_a
Schulz, D A
245
0
_a
Urban sociology
260
_a
New Jersey
_b
Prentice Hall
700
_a
Wilson, R
942
_c
BK
999
_c
34840
_d
34840